| 000 | 00612nam a2200229Ia 4500 | ||
|---|---|---|---|
| 003 | OSt | ||
| 005 | 20230408133115.0 | ||
| 008 | 210423s2013 xx 000 0 und d | ||
| 020 | _a978-0-19-569964-7 | ||
| 040 | _cAL | ||
| 041 | _aeng | ||
| 082 |
_a174.4 _223 _bALBB |
||
| 100 |
_aALBUQUERQUE (Daniel) _985129 |
||
| 245 | _aBusiness ethics: principles and practices Ed 5 | ||
| 250 | _a5 | ||
| 260 |
_aNew Delhi _bOxford University Press _c2013 |
||
| 300 |
_axviii,597 _bPB |
||
| 365 |
_b550 _cINR |
||
| 650 |
_aEthics _985130 |
||
| 906 | _aBusiness ; ethics: ; practices ; principles | ||
| 942 |
_2ddc _cBK |
||
| 999 |
_c169490 _d169490 |
||